00801nam a22002177a 4500001001000000003000500010005001700015008004100032010001100073011001100084035001100095040000900106100002900115245015800144260004100302500006000343502008500403650002000488650001100508856006400519000107272CHAP20220817044536.0240812s2012 mx r 00010 spa d a103734 a104706 a115396 cCHAP1 aHerrera Clemente, Yasser10aFecha de siembra y estrés de humedad en cebada maltera (Hordeum vulgare L.): Efecto en la calidad de maltah[En línea]c/por Yasser Herrera Clemente. aChapingo, Méx. :bEl autor,c2012. aPara ver el contenido del material haga clic en la liga aTesis (Ing. Agroindustrial) -- UACH. Departamento de Ingeniería Agroindustrial04aCebada maltera.04aMalta. 3Finding aiduhttp://10.13.5.2/tesis/115396.pdfzTeclea aqui